000 00613nam a22001815i 4500
001 48537
003 ES-MaACL
007 t|
008 950726s1802 fr ||||1| fre d
040 _aCAM
_bspa
_cCAM
100 1 _aDenman, Thomas.
_943719
245 1 0 _aIntroduction a la pratique des accouchemens.
_n, . Vol. II /
_cpar Thomas Denman ; traduite de l'anglais par J. F. Kluyskens.
260 _aParis :
_bRichard, Caille et Ravier [et] Mequicnon,
_c1802 (
_eGand :
_fA. B. Stéven)
300 _a1 v. ;
_c20 cm.
650 1 4 _aParto.
_915879
700 1 _aKluyskens, J. F.
_968314
852 _aES-MaACL
_jG-14568
999 _c48537
_d48537